History Quiz

Random History or Century Quiz

Famous From the 17th Century Quiz Stats

 Plays Quiz Updated Feb 1, 2021

Support Sporcle.
Go Orange.
Score 0/64 Timer 10:00
0 Plays Today
Person Missing % Correct
Sir ___ NewtonIsaac
85.6%
___ XIVLouis
85.6%
___ FawkesGuy
82.8%
King ___ IJames
81.6%
William ___Shakespeare
80.9%
___ CromwellOliver
78.6%
Johann Christoph ___Bach
77.5%
William & ___Mary
77.2%
___ DescartesRené
72.1%
Miguel de ___Cervantes
69.5%
Galileo ___Galilei
68.7%
___ I and IICharles
68.1%
___ StuyvesantPeter
65.8%
___Pocahontas
65.2%
___ PurcellHenry
64.5%
John ___Milton
63.1%
Henry ___Hudson
62.8%
___ NapierJohn
62.1%
Francis ___Bacon
61.4%
Captain John ___Smith
60.7%
___ de BergeracCyrano
59.4%
William ___Penn
56.8%
Johannes ___Kepler
54.5%
___ PascalBlaise
50.2%
Cardinal ___Richelieu
48.5%
___ HobbesThomas
47.3%
___ Pierre PérignonDom
47.1%
___ van RijnRembrandt
46.8%
___ HarveyWilliam
46.3%
Pierre ___ Fermatde
45.8%
Antonie ___ Leeuwenhoekvan
45.4%
John ___Locke
43.1%
Person Missing % Correct
___ BradstreetAnne
42.3%
___ III & IVPhilip
38.2%
___ StandishMyles
37.9%
Johannes ___Vermeer
36.1%
Peter Paul ___Rubens
32.9%
Samuel de ___Champlain
32.8%
Pope ___ VIIIUrban
31.9%
___ de La FontaineJean
31.2%
___Molière
31.1%
John ___Bunyan
30.9%
___ Marguerite BourgeoysSainte
28.8%
Maria ___ of SpainTheresa
28.4%
___ I,Tsar of RussiaAlexis
24.4%
___ II & III, Holy Roman EmperorsFerdinand
23.8%
Baruch ___Spinoza
23%
Queen ___Christina
23%
Ben ___Jonson
22.4%
Anthony Van ___Dyck
22.3%
___Squanto
21.9%
Johann ___Pachelbel
20.7%
Lope de ___Vega
20.7%
William ___Bradford
20.2%
Gottfried ___ von LeibnizWilhelm
19.1%
René-Robert Cavelier, sieur de La ___Salle
18.6%
Robert ___Boyle
18.2%
Diego ___Velázquez
16.9%
Christiaan ___Huygens
16.8%
Henry ___Morgan
14.8%
Père Jacques ___Marquette
12.9%
Jean ___Racine
12.8%
Louis ___Jolliet
12.8%
Claudio ___Monteverdi
12.7%

From the Vault

Condensed Movies

by rockgolf

Movies 10m
Sometimes you have to boil movies down to their elements.
Remove Ads.
Support Sporcle.
Get the best of Sporcle when you Go Orange. This ad-free experience offers more features, more stats, and more fun while also helping to support Sporcle. Thank you for becoming a member.

Show Comments

Extras

Top Quizzes Today


Score Distribution

Your Account Isn't Verified!

In order to create a playlist on Sporcle, you need to verify the email address you used during registration. Go to your Sporcle Settings to finish the process.

Report this User

Report this user for behavior that violates our Community Guidelines.

Details: